000 00630nam a2200205Ii 4500
001 10965
003 CO-ViMGA
008 241108s9999||||xx |||||||||||||| ||und||
040 _aCO-ViMGA
_bspa
_erda
_cCO-ViMGA
041 0 _aspa
082 0 4 _a001.4068 M17g
100 1 _aLuis Marcano
_949823
245 1 0 _aGerencia de proyectos de investigación
264 1 _aBogotá, Colombia : Secretaría Ejecutiva del Convenio Andrés Bello, 1994
300 _avolumen
336 _atext
_btxt
_2rdacontent
337 _aunmediated
_bn
_2rdamedia
338 _avolume
_bnc
_2rdacarrier
940 _aidficha_siabuc: 10707. -- ficha_no_siabuc:10965
999 _c44500
_d44500